| 000 | 00897nam a2200217 4500 | ||
|---|---|---|---|
| 008 | b fr fre u | ||
| 020 | _a2840931001 | ||
| 020 | _a9782840931003 | ||
| 020 | _a3760038190018 | ||
| 040 | _aLB-BrCRDP | ||
| 082 | 1 |
_aCE2....5e _bMAT (jeu) |
|
| 100 | 1 | _aTrouillot, Eric | |
| 245 | 1 | 0 |
_aJeu ... Mathador. L'univers des chiffres _cEric Trouillot |
| 260 |
_aParis _bCNDP |
||
| 500 | _aCoffret contenant : 250 cartes, 4 quilles, 1 sablier, 1 bloc de feuilles, 4 crayons, 1 plateau, 1 règle de jeu. | ||
| 520 | _aA vous de choisir la formule qui vous plaît et entrer dans l'univers des chiffres.Les opérations deviendront vos alliées pour arriver à la case 99. On joue seul ou à plusieurs, suivant les énigmes, cela pimente la partie ! | ||
| 650 | 4 | _aMathématiques | |
| 650 | 4 | _aJeux | |
| 942 | _cBK | ||
| 999 |
_c1682 _d1682 |
||